| Поле | Инд. | ПП | Название | Значение |
|---|---|---|---|---|
| Тип записи | a | |||
| Библиографический уровень | a | |||
| 001 | Контрольный номер | d98303342b3145b88f896fcfb3faf1d7 | ||
| 005 | Дата корректировки | 20160711104537.0 | ||
| 020 | a | ISBN | 978-5-906429-11-7 | |
| 040 | a | Служба первич. каталог. | НБ ТвГУ | |
| b | Код языка каталог. | rus | ||
| e | Правила каталог. | PSBO | ||
| 041 | 0_ | a | Код языка текста | rus |
| 097 | b | Оператор | stanislav | |
| 100 | 1_ | a | Автор | Штейнберг Юрий Анатольевич |
| q | Полное имя | Штейнберг Ю. А. | ||
| 245 | 10 | a | Заглавие | Избирательная система как институт современного демократического государства |
| 260 | a | Место издания | Ростов-на-Дону | |
| b | Издательство | Печатная лавка | ||
| 504 | a | Библиография | Библиогр. в подстроч. примеч. | |
| 520 | 0_ | a | Аннотация | Статья посвящена месту и роли избирательной системы в современном демократическом государстве. В ней содержится анализ влияния избирательной системы на процессы формирования представительных органов власти, даны характеристики основных избирательных систем и выявлены их основные достоинсва и недостатки с точки зрения влияния на формирование законодательных органов государственной власти. |
| 653 | 0_ | a | Ключевые слова | Выборы |
| a | Ключевые слова | Избирательные системы | ||
| a | Ключевые слова | Избирательные системы России | ||
| a | Ключевые слова | Типы избирательных систем | ||
| 773 | 18 | w | Контрольный № источника | e0c26ba6dde64d888c3f415e4cfeadff |
| t | Название источника | Эволюция региональных и муниципальных избирательных систем | ||
| d | Место и дата издания | Ростов-на-Дону : Печатная лавка, 2015 | ||
| g | Прочая информация | С. 325-333 | ||
| 901 | t | Тип документа | a | |
| 920 | a | Оператор | Стан |